03-岩手県の市町村クイズ(1999年) - Statistics

General Stats
  • This quiz has been taken 172 times
  • The average score is 45 of 59
Answers on the Map
Answers color-coded by a green-red scale on the quiz's map according to % correct below.
 
Answer Stats
Answer % Correct
一関いちのせき
96%
岩泉いわいずみちょう
94%
紫波しわちょう
93%
岩手いわてまち
91%
金ケ崎かねがさきちょう
91%
北上きたかみ
91%
滝沢たきざわむら
91%
遠野とおの
91%
平泉ひらいずみちょう
91%
盛岡もりおか
91%
矢巾やはばちょう
91%
釜石かまいし
90%
久慈くじ
90%
田野畑たのはたむら
90%
陸前高田りくぜんたかた
90%
大船渡おおふなと
88%
雫石しずくいしちょう
88%
住田すみたちょう
88%
一戸いちのへまち
87%
葛巻くずまきまち
87%
野田のだむら
87%
宮古みやこ
87%
軽米かるまいまち
85%
二戸にのへ
85%
花巻はなまき
85%
大槌おおつちちょう
84%
九戸くのへむら
84%
普代ふだいむら
82%
水沢みずさわ
81%
山田やまだまち
81%
石鳥谷いしどりやちょう
79%
江刺えさし
76%
種市たねいちまち
76%
田老たろうちょう
76%
三陸さんりくちょう
74%
湯田ゆだまち
72%
宮守みやもりむら
68%
大野おおのむら
66%
浄法寺じょうぼうじまち
66%
前沢まえさわちょう
66%
胆沢いさわちょう
65%
玉山たまやまむら
65%
安代あしろちょう
63%
川井かわいむら
63%
衣川ころもがわむら
63%
千厩せんまやちょう
63%
花泉はないずみまち
63%
西根にしねちょう
62%
松尾まつおむら
62%
山形やまがたむら
62%
沢内さわうちむら
60%
新里にいさとむら
59%
室根むろねむら
57%
大迫おおはさままち
56%
東和とうわちょう
56%
川崎かわさきむら
54%
大東だいとうちょう
54%
藤沢ふじさわちょう
54%
東山ひがしやまちょう
40%
No matching quizzes found
Score Distribution
Percent of People with Each Score
Percentile by Number Answered
Your Score History
You have not taken this quiz